| 000 | 01503cam a22002174a 4500 | ||
|---|---|---|---|
| 005 | 20250605163924.0 | ||
| 008 | 250528s ||||||||||||||||||||||||d | ||
| 035 | _a14478 | ||
| 020 | _a9607023242 | ||
| 040 |
_aGR-AtMCL _bgre _dGR-AtMCL _eAACR2 |
||
| 245 | 1 | _aΟ Ύπνος και το Όνειρο | |
| 250 | _a1η | ||
| 260 |
_bΚάτοπτρο, _c1993 |
||
| 300 | _a232 | ||
| 520 | _aΟ επιστήμονας που ανακάλυψε τον παράδοξο ύπνο μας καλεί να γνωρίσουμε τον κόσμο των ονείρων. Πρόλογος, Εισαγωγή, Στο Λαβύρινθο του Ύπνου, Η Φυσική Ιστορία του Ονείρου, Μνήμες και ''Διαχωρισμένος Εγκέφαλος'' Κατά τη Διάρκεια του Ονείρου, Η Ονειρική Συμπεριφορά, Αποτελεί ο Παράδοξος Ύπνος τη Νευροβιολογική Απόδειξη της Ονειρικής Δραστηριότητας;, Ο Ύπνος και η Άλλη Όψη του Πνεύματος, Οι Λειτουργίες του Ονείρου, Είναι ο Παράδοξος Ύπνος ο Φύλακας της Ψυχολογικής Εξατομίκευσης;, Επίλογος, Βιβλιογραφία, Ευρετήριο Ονομάτων και Όρων. | ||
| 700 | 1 |
_aJouvet Michel _9162 |
|
| 700 | 1 |
_aΤζαβάρας Θανάσης _9163 |
|
| 942 | _cBK | ||
| 999 |
_c107 _d107 |
||